000 00896nam a2200253Ia 4500
003 OSt
005 20221005113326.0
006 a|||||r|||| 00| 0
007 ta
008 221004b |||||||| |||| 00| 0 pan d
020 _a9788130204628 (hbk)
_cINR 450.00
024 _a44906
037 _b1037, 02/02/2019, H.K. Prakashan
_cTextual
040 _aCRL
_cCRL
_bpan
041 _2pan
_apan
082 _aO44,1:g, 153Q7
100 _aFਰਮਾ, ਗ਼ੁਕਦੇਵ, ਂਚ.
_9624345
245 0 _aਭਾਰਤੀ ਕਾਵਿ-Fਾਸਤਰ
260 _aਪਟਿਆਲਾ
_bਪਬਲੀਕੇFਨ ਬਿਊਰੋ ਭਾਰਤ
_c2017
300 _a487ਪ੍ਰ0
_ccm.
650 _aਭਾਰਤੀਯ ਸਾਹਿਤ
942 _hO44,1:g, 153Q7
_cTEXL
_2cc
999 _c1027809
_d1027809